| 000 | 00615nam a2200169Ia 4500 | ||
|---|---|---|---|
| 005 | 20250728154339.0 | ||
| 008 | 250728s9999 xx 000 0 und d | ||
| 020 | _a9780007120222 | ||
| 082 |
_a949.565 _bMAZ |
||
| 100 | _aMazower, Mark | ||
| 245 | 0 | _aSalonica, City of Ghosts | |
| 260 |
_bHarperCollins UK _c2005 |
||
| 300 | _a533 pages | ||
| 500 | _aFrom the author of the greatly praised "Dark Continent" comes a richly textured social history of the Aegean seaport that has been a crossroads of civilization since the dawn of Byzantium. of photos, 8 in full color. | ||
| 650 | _aHistory | ||
| 942 | _cENGLISH | ||
| 999 |
_c577641 _d577641 |
||